Taylor Swift - Track 21 - Statistiques

Statistiques générales
  • Ce quiz a été pris 43 fois
    33 depuis la dernière actualisation
  • Le résultat moyen est 5 sur 5
Statistiques - réponses
Hint Réponse % Correct
1989 (Taylor's Version) Is It Over Now?
100%
Speak Now (Taylor's Version) Foolish One
95%
Red (Taylor's Version) Ronan
95%
The Tortured Poets Department How Did It End?
90%
Fearless (Taylor's Version) You All Over Me
90%
Aucun quiz correspondant
Distribution des résultats
% des personnes avec chaque résultat
Percentile par nombre de réponses
Votre historique - résultats
Vous n’avez pas pris ce quiz depuis la dernière actualisation